| 000 | 00346nam a2200145Ia 4500 | ||
|---|---|---|---|
| 008 | 230312s9999||||xx |||||||||||||| ||und|| | ||
| 020 | _a0-681-89173-4 | ||
| 082 |
_a897.7 _bCOH-P |
||
| 100 | _aCohen;Sacha | ||
| 245 | 0 | _aPaint Effects Master class | |
| 260 |
_bAnness _aHong kong _c1999 |
||
| 300 | _a256 | ||
| 650 | _aArchitecture | ||
| 942 | _cBK | ||
| 999 |
_c12106 _d12106 |
||